000 00477nam a2200193Ia 4500
008 151121s9999||||xx |||||||||||||| ||und||
082 _a823-/
082 _bHNW-31809
100 _aBlyton Enid
245 _aMr। Pink-Whistle's Party
260 _b"Dean & Son Ltd, London।"
260 _c--
300 _a184
600 _aBlyton Enid
630 _aMr। Pink-Whistle's Party
700 _aBlyton Enid
730 _aMr। Pink-Whistle's Party
942 _cBOOK
999 _c1225677
_d1225674